[Event "Open International Graz"]
[Date "2026.02.18"]
[White "Sowinski, Pawel"]
[Black "Oktem, Ege Tuna"]
[WhiteElo "2413"]
[BlackElo "2356"]
[Round "7.7.6"]
[Result "1-0"]

d4 {[%clk 1:25:41]} Nf6 {[%clk 1:30:57]} Nf3 {[%clk 1:25:48]} e6 {[%clk
1:31:15]} Bf4 {[%clk 1:25:51]} d5 {[%clk 1:31:24]} e3 {[%clk 1:26:10]} Bd6
{[%clk 1:31:36]} Nbd2 {[%clk 1:25:03]} O-O {[%clk 1:31:35]} Bg3 {[%clk 1:23:02]}
c5 {[%clk 1:31:23]} c3 {[%clk 1:23:14]} Nc6 {[%clk 1:30:47]} Bd3 {[%clk
1:23:35]} Re8 {[%clk 1:28:52]} Ne5 {[%clk 1:21:43]} Be7 {[%clk 1:09:04]} f4
{[%clk 1:17:27]} cxd4 {[%clk 0:56:28]} exd4 {[%clk 1:17:27]} Rf8 {[%clk
0:52:47]} O-O {[%clk 1:13:34]} g6 {[%clk 0:52:06]} Bh4 {[%clk 1:01:54]} Ne8
{[%clk 0:49:40]} Bxe7 {[%clk 0:58:54]} Qxe7 {[%clk 0:49:53]} Qe2 {[%clk
0:57:54]} Nd8 {[%clk 0:42:44]} g4 {[%clk 0:50:14]} f5 {[%clk 0:36:56]} g5 {[%clk
0:50:29]} Ng7 {[%clk 0:29:07]} h4 {[%clk 0:48:43]} Bd7 {[%clk 0:27:38]} Rf2
{[%clk 0:36:28]} Be8 {[%clk 0:27:52]} Rh2 {[%clk 0:35:10]} Nf7 {[%clk 0:23:41]}
Nxf7 {[%clk 0:34:58]} Bxf7 {[%clk 0:24:08]} Nf3 {[%clk 0:34:19]} a6 {[%clk
0:23:15]} Ne5 {[%clk 0:34:31]} b5 {[%clk 0:21:11]} a3 {[%clk 0:34:48]} Rfc8
{[%clk 0:21:04]} Qe3 {[%clk 0:34:52]} Be8 {[%clk 0:20:24]} Be2 {[%clk 0:34:46]}
a5 {[%clk 0:17:20]} Nd3 {[%clk 0:35:02]} Rab8 {[%clk 0:17:41]} Bf3 {[%clk
0:34:13]} Qd6 {[%clk 0:17:02]} Re1 {[%clk 0:19:45]} Bf7 {[%clk 0:17:05]} Rc1
{[%clk 0:18:26]} Be8 {[%clk 0:16:53]} Re1 {[%clk 0:14:53]} Bf7 {[%clk 0:17:21]}
Rhe2 {[%clk 0:14:26]} Rb6 {[%clk 0:17:04]} Kg2 {[%clk 0:14:11]} Kf8 {[%clk
0:15:53]} Kg3 {[%clk 0:14:29]} Rbb8 {[%clk 0:15:15]} Qe5 {[%clk 0:10:41]} Qxe5
{[%clk 0:15:35]} Rxe5 {[%clk 0:10:45]} Rd8 {[%clk 0:15:04]} h5 {[%clk 0:10:23]}
gxh5 {[%clk 0:15:28]} Kh4 {[%clk 0:10:22]} Rb6 {[%clk 0:15:30]} Nc5 {[%clk
0:09:33]} Kg8 {[%clk 0:09:28]} R1e3 {[%clk 0:05:36]} Kf8 {[%clk 0:07:57]} Be2
{[%clk 0:12:24]} Kg8 {[%clk 0:20:14]} Bd3 {[%clk 0:07:52]} Kf8 {[%clk 0:20:15]}
Re1 {[%clk 0:07:52]} Kg8 {[%clk 0:18:34]} R5e2 {[%clk 0:08:17]} Rdd6 {[%clk
0:12:43]} Nb3 {[%clk 0:07:47]} b4 {[%clk 0:11:33]} cxb4 {[%clk 0:07:24]} axb4
{[%clk 0:12:02]} a4 {[%clk 0:07:45]} Ne8 {[%clk 0:09:02]} a5 {[%clk 0:06:09]}
Rb7 {[%clk 0:09:31]} Nc5 {[%clk 0:06:07]} Ra7 {[%clk 0:10:00]} Nxe6 {[%clk
0:02:31]} Rxa5 {[%clk 0:10:19]} Bxf5 {[%clk 0:01:52]} Bg6 {[%clk 0:08:40]} Bxg6
{[%clk 0:01:06]} hxg6 {[%clk 0:09:06]} f5 {[%clk 0:01:29]} gxf5 {[%clk 0:09:11]}
Nc5 {[%clk 0:01:53]} Ng7 {[%clk 0:09:34]} Nb7 {[%clk 0:02:04]} Raa6 {[%clk
0:10:00]} Nxd6 {[%clk 0:02:25]} Rxd6 {[%clk 0:10:28]} Re7 {[%clk 0:00:48]} f4
{[%clk 0:10:56]} R1e5 {[%clk 0:00:43]} Rc6 {[%clk 0:11:09]} Rxd5 {[%clk
0:00:48]} Rc2 {[%clk 0:10:50]} g6 {[%clk 0:01:08]}

[Variant "Standard"]
[Site "Europe Echecs"]

[Event "Open International Graz"]
[Date "2026.02.18"]
[White "Martins, Bruno Andre Leite"]
[Black "Pranav Anand"]
[WhiteElo "2376"]
[BlackElo "2606"]
[Round "7.7.7"]
[Result "1/2-1/2"]

e4 {[%clk 1:27:51]} c5 {[%clk 1:30:51]} Nf3 {[%clk 1:28:09]} Nc6 {[%clk
1:31:13]} d4 {[%clk 1:28:12]} cxd4 {[%clk 1:31:36]} Nxd4 {[%clk 1:28:36]} Nf6
{[%clk 1:31:49]} Nc3 {[%clk 1:28:59]} e5 {[%clk 1:31:50]} Ndb5 {[%clk 1:29:16]}
d6 {[%clk 1:32:11]} Bg5 {[%clk 1:25:20]} a6 {[%clk 1:32:12]} Na3 {[%clk
1:25:43]} b5 {[%clk 1:32:35]} Nd5 {[%clk 1:25:46]} Be7 {[%clk 1:32:53]} Bxf6
{[%clk 1:26:04]} Bxf6 {[%clk 1:33:15]} c3 {[%clk 1:25:40]} Rb8 {[%clk 1:32:27]}
Nc2 {[%clk 1:25:29]} Bg5 {[%clk 1:31:47]} Be2 {[%clk 1:16:53]} O-O {[%clk
1:31:47]} O-O {[%clk 1:17:13]} Kh8 {[%clk 1:25:59]} Bg4 {[%clk 1:01:02]} Bb7
{[%clk 1:23:09]} Qd3 {[%clk 0:57:43]} g6 {[%clk 1:19:37]} Rad1 {[%clk 0:49:21]}
h5 {[%clk 1:12:29]} Bh3 {[%clk 0:44:56]} Ba8 {[%clk 1:03:03]} g3 {[%clk
0:35:08]} a5 {[%clk 0:51:36]} a3 {[%clk 0:32:48]} Ne7 {[%clk 0:44:16]} Nce3
{[%clk 0:27:22]} Nxd5 {[%clk 0:29:46]} Nxd5 {[%clk 0:27:27]} Bh6 {[%clk
0:29:58]} b4 {[%clk 0:22:04]} Bg7 {[%clk 0:27:26]} c4 {[%clk 0:19:23]} Bc6
{[%clk 0:26:50]} Nc3 {[%clk 0:18:25]} bxc4 {[%clk 0:22:02]} Qxd6 {[%clk
0:10:23]} Qb6 {[%clk 0:20:15]} bxa5 {[%clk 0:09:50]} Qxa5 {[%clk 0:19:46]} Qxc6
{[%clk 0:08:22]} Qxc3 {[%clk 0:20:13]} Rc1 {[%clk 0:08:09]} Qxa3 {[%clk
0:20:37]} Rxc4 {[%clk 0:08:10]} Rb2 {[%clk 0:19:44]} Rc2 {[%clk 0:08:16]} Rfb8
{[%clk 0:17:27]} Rxb2 {[%clk 0:08:16]} Qxb2 {[%clk 0:17:27]}

[Variant "Standard"]
[Site "Europe Echecs"]

[Event "Open International Graz"]
[Date "2026.02.18"]
[White "Radzimski, Antoni"]
[Black "Pranesh M"]
[WhiteElo "2400"]
[BlackElo "2627"]
[Round "7.7.8"]
[Result "0-1"]

Nf3 {[%clk 1:30:58]} d5 {[%clk 1:30:55]} g3 {[%clk 1:31:23]} c6 {[%clk 1:31:01]}
Bg2 {[%clk 1:31:47]} Bg4 {[%clk 1:31:14]} O-O {[%clk 1:31:50]} Nd7 {[%clk
1:31:31]} h3 {[%clk 1:31:46]} Bh5 {[%clk 1:31:55]} d4 {[%clk 1:31:54]} e6 {[%clk
1:31:51]} c4 {[%clk 1:31:25]} Be7 {[%clk 1:29:23]} Nbd2 {[%clk 1:21:06]} Ngf6
{[%clk 1:26:13]} b3 {[%clk 1:20:16]} Ne4 {[%clk 1:23:59]} Bb2 {[%clk 1:18:09]}
f5 {[%clk 1:22:29]} Ne1 {[%clk 1:13:41]} O-O {[%clk 1:18:26]} Nd3 {[%clk
1:12:22]} Bd6 {[%clk 1:15:17]} Qe1 {[%clk 1:06:15]} a5 {[%clk 1:12:44]} a4
{[%clk 1:05:19]} Qe7 {[%clk 1:00:24]} e3 {[%clk 1:03:07]} Rf6 {[%clk 0:57:05]}
Nb1 {[%clk 0:55:06]} Rh6 {[%clk 0:50:55]} Ba3 {[%clk 0:53:24]} Bxa3 {[%clk
0:50:56]} Nxa3 {[%clk 0:53:24]} Qd6 {[%clk 0:43:34]} Nc2 {[%clk 0:51:13]} b6
{[%clk 0:38:38]} Kh2 {[%clk 0:46:56]} g5 {[%clk 0:35:23]} f4 {[%clk 0:43:16]}
Qe7 {[%clk 0:34:02]} Nf2 {[%clk 0:36:00]} Ndf6 {[%clk 0:30:34]} Nxe4 {[%clk
0:34:10]} Nxe4 {[%clk 0:28:21]} Bxe4 {[%clk 0:33:52]} dxe4 {[%clk 0:28:29]} fxg5
{[%clk 0:33:05]} Qxg5 {[%clk 0:28:52]} Rf4 {[%clk 0:32:33]} Bg4 {[%clk 0:27:43]}
h4 {[%clk 0:31:44]} Qg7 {[%clk 0:27:47]} Qd2 {[%clk 0:27:41]} Rd8 {[%clk
0:26:13]} b4 {[%clk 0:26:24]} e5 {[%clk 0:25:13]} Rff1 {[%clk 0:26:48]} axb4
{[%clk 0:23:06]} Qxb4 {[%clk 0:26:25]} Bf3 {[%clk 0:22:04]} Ne1 {[%clk 0:26:24]}
f4 {[%clk 0:22:17]}

[Variant "Standard"]
[Site "Europe Echecs"]

[Event "Open International Graz"]
[Date "2026.02.18"]
[White "Raja Rithvik R"]
[Black "Roebers, Eline"]
[WhiteElo "2535"]
[BlackElo "2398"]
[Round "7.7.9"]
[Result "1-0"]

c4 {[%clk 1:28:16]} Nf6 {[%clk 1:28:39]} Nc3 {[%clk 1:28:33]} e5 {[%clk
1:28:51]} g3 {[%clk 1:28:15]} Bc5 {[%clk 1:26:22]} Bg2 {[%clk 1:27:39]} Nc6
{[%clk 1:25:10]} a3 {[%clk 1:13:05]} a5 {[%clk 1:24:11]} e3 {[%clk 1:10:17]} O-O
{[%clk 1:23:18]} Nge2 {[%clk 1:10:41]} Re8 {[%clk 1:21:04]} O-O {[%clk 1:10:49]}
d6 {[%clk 1:19:14]} d4 {[%clk 1:11:10]} Bb6 {[%clk 1:18:20]} b3 {[%clk 1:00:25]}
Bd7 {[%clk 1:00:25]} dxe5 {[%clk 0:51:05]} dxe5 {[%clk 0:56:13]} Bb2 {[%clk
0:50:00]} Qc8 {[%clk 0:43:27]} Nd5 {[%clk 0:44:05]} Nxd5 {[%clk 0:37:58]} cxd5
{[%clk 0:44:30]} Nd8 {[%clk 0:38:07]} Rc1 {[%clk 0:42:21]} f6 {[%clk 0:34:29]}
Nc3 {[%clk 0:27:30]} Nf7 {[%clk 0:31:12]} Ne4 {[%clk 0:27:22]} Bh3 {[%clk
0:25:55]} Qe2 {[%clk 0:21:02]} Qf5 {[%clk 0:23:47]} Rc4 {[%clk 0:17:27]} Bxg2
{[%clk 0:22:56]} Kxg2 {[%clk 0:17:52]} Rad8 {[%clk 0:21:28]} Rd1 {[%clk
0:17:25]} Re7 {[%clk 0:20:27]} h4 {[%clk 0:15:06]} h5 {[%clk 0:13:12]} a4 {[%clk
0:14:03]} Red7 {[%clk 0:10:57]} Nc5 {[%clk 0:13:21]} Bxc5 {[%clk 0:10:25]} Rxc5
{[%clk 0:13:49]} e4 {[%clk 0:09:35]} Rdc1 {[%clk 0:10:37]} Ne5 {[%clk 0:02:37]}
Bxe5 {[%clk 0:10:50]} Qxe5 {[%clk 0:03:06]} d6 {[%clk 0:10:40]} Qxd6 {[%clk
0:02:47]} Qc4+ {[%clk 0:11:07]} Rf7 {[%clk 0:01:33]} Rxh5 {[%clk 0:10:02]} Qd2
{[%clk 0:01:14]} Rc5 {[%clk 0:09:15]} c6 {[%clk 0:01:08]} Qxe4 {[%clk 0:09:35]}
Qb2 {[%clk 0:00:55]} Qc2 {[%clk 0:08:10]} Rd2 {[%clk 0:00:46]} Qxb2 {[%clk
0:08:31]} Rxb2 {[%clk 0:01:15]} R1c3 {[%clk 0:06:35]} Rd7 {[%clk 0:00:51]} Rxa5
{[%clk 0:05:54]} b5 {[%clk 0:00:40]} axb5 {[%clk 0:04:28]} Rdd2 {[%clk 0:01:06]}
bxc6 {[%clk 0:04:43]} Rxf2+ {[%clk 0:01:33]} Kh3 {[%clk 0:05:10]} f5 {[%clk
0:02:00]} Rxf5 {[%clk 0:05:36]}

[Variant "Standard"]
[Site "Europe Echecs"]

[Event "Open International Graz"]
[Date "2026.02.18"]
[White "Vantika Agrawal"]
[Black "Klimkowski, Jan"]
[WhiteElo "2375"]
[BlackElo "2532"]
[Round "7.7.10"]
[Result "0-1"]

d4 {[%clk 1:30:05]} Nf6 {[%clk 1:30:46]} c4 {[%clk 1:30:12]} e6 {[%clk 1:31:08]}
Nf3 {[%clk 1:30:36]} d5 {[%clk 1:31:31]} Nc3 {[%clk 1:30:59]} Nbd7 {[%clk
1:31:44]} Qc2 {[%clk 1:30:20]} Bb4 {[%clk 1:31:48]} g3 {[%clk 1:28:11]} O-O
{[%clk 1:31:16]} Bg2 {[%clk 1:28:31]} Ne4 {[%clk 1:30:13]} O-O {[%clk 1:27:05]}
Bxc3 {[%clk 1:30:03]} bxc3 {[%clk 1:27:19]} Nb6 {[%clk 1:29:55]} c5 {[%clk
1:20:41]} Nc4 {[%clk 1:30:00]} Ne5 {[%clk 1:15:18]} Nxe5 {[%clk 1:27:33]} dxe5
{[%clk 1:13:17]} Nxc5 {[%clk 1:20:24]} Ba3 {[%clk 1:12:16]} b6 {[%clk 1:19:21]}
c4 {[%clk 1:09:40]} c6 {[%clk 1:18:27]} Bxc5 {[%clk 0:49:36]} bxc5 {[%clk
1:18:53]} cxd5 {[%clk 0:49:54]} cxd5 {[%clk 1:19:18]} Qxc5 {[%clk 0:50:17]} Ba6
{[%clk 1:19:37]} Rfe1 {[%clk 0:36:06]} Qb6 {[%clk 1:12:54]} Qxb6 {[%clk
0:31:40]} axb6 {[%clk 1:13:20]} Rab1 {[%clk 0:29:46]} Bc4 {[%clk 1:08:34]} Rxb6
{[%clk 0:29:49]} Rxa2 {[%clk 1:09:00]} Bf1 {[%clk 0:24:41]} g5 {[%clk 1:06:45]}
Rb4 {[%clk 0:22:00]} Rfa8 {[%clk 1:02:50]} Rbb1 {[%clk 0:07:17]} Kg7 {[%clk
0:57:44]} Rbd1 {[%clk 0:05:34]} h5 {[%clk 0:48:50]} f4 {[%clk 0:01:39]} gxf4
{[%clk 0:47:57]} gxf4 {[%clk 0:02:06]} Kg6 {[%clk 0:48:23]} Kf2 {[%clk 0:02:20]}
R8a4 {[%clk 0:42:40]} Rd4 {[%clk 0:01:45]} Ba6 {[%clk 0:43:09]} Red1 {[%clk
0:00:50]} Rc4 {[%clk 0:39:55]} Rxc4 {[%clk 0:00:33]} dxc4 {[%clk 0:39:31]} Rc1
{[%clk 0:00:32]} Kf5 {[%clk 0:38:26]} Kf3 {[%clk 0:00:33]} Bb7+ {[%clk 0:30:01]}
Ke3 {[%clk 0:00:44]} Ra3+ {[%clk 0:30:28]} Kf2 {[%clk 0:00:47]} c3 {[%clk
0:26:34]} Ke3 {[%clk 0:00:51]} c2+ {[%clk 0:26:02]} Kd2 {[%clk 0:00:47]} Kxf4
{[%clk 0:21:26]} Rxc2 {[%clk 0:01:01]} Be4 {[%clk 0:21:50]} Rc7 {[%clk 0:00:44]}
Bg6 {[%clk 0:22:02]} Rc5 {[%clk 0:00:33]} Ra2+ {[%clk 0:21:05]} Ke1 {[%clk
0:14:01]} Ke3 {[%clk 0:36:02]} Rc3+ {[%clk 0:14:14]} Kd4 {[%clk 0:36:28]} Rb3
{[%clk 0:14:05]} Kxe5 {[%clk 0:36:46]} Rb5+ {[%clk 0:13:00]} Kf6 {[%clk
0:35:37]} Bg2 {[%clk 0:11:53]} Ra4 {[%clk 0:34:17]} Kf2 {[%clk 0:11:12]} e5
{[%clk 0:33:00]} Bf3 {[%clk 0:09:52]} Rf4 {[%clk 0:30:48]} Ke3 {[%clk 0:07:27]}
Rh4 {[%clk 0:30:39]} Kf2 {[%clk 0:07:42]} Ra4 {[%clk 0:29:49]} Rc5 {[%clk
0:07:29]} Rb4 {[%clk 0:30:03]} Ra5 {[%clk 0:07:34]} Kf5 {[%clk 0:27:22]} Ra8
{[%clk 0:05:50]} h4 {[%clk 0:24:59]} Ra7 {[%clk 0:02:48]} Kg5 {[%clk 0:24:05]}
Ra5 {[%clk 0:01:32]} Kf4 {[%clk 0:23:12]} Rc5 {[%clk 0:00:57]} Rb2 {[%clk
0:22:35]} Ra5 {[%clk 0:01:04]} e4 {[%clk 0:19:13]} Ra4 {[%clk 0:00:41]} f5
{[%clk 0:19:05]} Bg2 {[%clk 0:00:42]} Be8 {[%clk 0:17:55]} Ra3 {[%clk 0:00:34]}
Bb5 {[%clk 0:14:59]} Bf1 {[%clk 0:00:56]} Ke5 {[%clk 0:15:08]} Rh3 {[%clk
0:00:41]} f4 {[%clk 0:15:31]} Rxh4 {[%clk 0:00:44]} Bxe2 {[%clk 0:15:23]} Bxe2
{[%clk 0:00:33]} f3 {[%clk 0:15:49]} Rh8 {[%clk 0:00:32]} Rxe2+ {[%clk 0:16:14]}
Kf1 {[%clk 0:00:35]} Kf4 {[%clk 0:16:36]} Rf8+ {[%clk 0:00:32]} Ke3 {[%clk
0:16:57]} Ra8 {[%clk 0:00:37]} Rxh2 {[%clk 0:17:22]} Ra3+ {[%clk 0:00:35]} Kf4
{[%clk 0:17:47]} Kg1 {[%clk 0:00:32]} Rb2 {[%clk 0:18:13]} Ra1 {[%clk 0:00:31]}
Kg3 {[%clk 0:18:37]} Kf1 {[%clk 0:00:31]} Rh2 {[%clk 0:19:02]}

[Variant "Standard"]
[Site "Europe Echecs"]

[Event "Open International Graz"]
[Date "2026.02.18"]
[White "Ben Ari, Yannay"]
[Black "Nurman, Alua"]
[WhiteElo "2467"]
[BlackElo "2363"]
[Round "7.7.11"]
[Result "0-1"]

c4 {[%clk 1:26:54]} Nf6 {[%clk 1:30:48]} Nf3 {[%clk 1:26:41]} g6 {[%clk
1:31:06]} Nc3 {[%clk 1:24:06]} Bg7 {[%clk 1:31:31]} e4 {[%clk 1:24:31]} d6
{[%clk 1:31:57]} d4 {[%clk 1:24:56]} O-O {[%clk 1:32:23]} h3 {[%clk 1:25:22]} e5
{[%clk 1:30:44]} d5 {[%clk 1:25:49]} Na6 {[%clk 1:29:49]} Bg5 {[%clk 1:25:02]}
Qe8 {[%clk 1:09:35]} g4 {[%clk 1:18:58]} Nc5 {[%clk 1:08:08]} Nd2 {[%clk
1:16:56]} a5 {[%clk 1:07:28]} Be2 {[%clk 1:16:27]} c6 {[%clk 1:06:23]} h4 {[%clk
1:10:23]} Bd7 {[%clk 1:02:05]} Be3 {[%clk 0:51:31]} Qe7 {[%clk 0:47:58]} g5
{[%clk 0:45:58]} Ne8 {[%clk 0:47:46]} h5 {[%clk 0:46:18]} gxh5 {[%clk 0:40:17]}
Nb3 {[%clk 0:43:17]} Nxb3 {[%clk 0:27:53]} Qxb3 {[%clk 0:41:25]} Bg4 {[%clk
0:22:59]} f3 {[%clk 0:33:21]} Bc8 {[%clk 0:23:17]} c5 {[%clk 0:32:01]} dxc5
{[%clk 0:20:33]} O-O-O {[%clk 0:29:14]} c4 {[%clk 0:18:27]} Qxc4 {[%clk
0:28:57]} Nd6 {[%clk 0:13:38]} Qc5 {[%clk 0:28:57]} Rd8 {[%clk 0:13:25]} Rxh5
{[%clk 0:28:40]} Bd7 {[%clk 0:12:14]} Kb1 {[%clk 0:27:25]} Be8 {[%clk 0:08:36]}
dxc6 {[%clk 0:18:50]} bxc6 {[%clk 0:05:49]} Rdh1 {[%clk 0:17:04]} f5 {[%clk
0:03:55]} Rxh7 {[%clk 0:11:47]} Bg6 {[%clk 0:04:24]} Bc4+ {[%clk 0:10:01]} Kf8
{[%clk 0:04:52]} R7h6 {[%clk 0:09:09]} Bxh6 {[%clk 0:03:50]} gxh6 {[%clk
0:09:37]} fxe4 {[%clk 0:02:04]} fxe4 {[%clk 0:08:17]} Nxe4 {[%clk 0:01:22]} Rf1+
{[%clk 0:08:42]} Nf6+ {[%clk 0:01:46]} Kc1 {[%clk 0:08:18]} Rd6 {[%clk 0:02:03]}
Rg1 {[%clk 0:07:49]} Nd7 {[%clk 0:00:59]} Qa3 {[%clk 0:06:25]} Ke8 {[%clk
0:00:36]} Bg5 {[%clk 0:03:41]} Nf6 {[%clk 0:00:36]} Be3 {[%clk 0:03:09]} Nd7
{[%clk 0:00:48]} Be2 {[%clk 0:03:37]} Rb8 {[%clk 0:00:34]} Qxa5 {[%clk 0:01:25]}
Qh4 {[%clk 0:00:53]} Qa4 {[%clk 0:00:32]} Qh3 {[%clk 0:00:38]} Bg5 {[%clk
0:04:48]} Qxc3+ {[%clk 0:15:51]}

[Variant "Standard"]
[Site "Europe Echecs"]

[Event "Open International Graz"]
[Date "2026.02.18"]
[White "Waldhausen Gordon, Frederick"]
[Black "Zielonka, Adam"]
[WhiteElo "2410"]
[BlackElo "2348"]
[Round "7.7.12"]
[Result "1-0"]

d4 {[%clk 1:30:57]} Nf6 {[%clk 1:30:00]} c4 {[%clk 1:31:23]} e6 {[%clk 1:30:12]}
Nc3 {[%clk 1:31:47]} Bb4 {[%clk 1:30:06]} e3 {[%clk 1:32:08]} d5 {[%clk
1:30:30]} Qa4+ {[%clk 1:32:31]} Nc6 {[%clk 1:30:55]} Nf3 {[%clk 1:32:48]} O-O
{[%clk 1:30:12]} Bd2 {[%clk 1:33:11]} dxc4 {[%clk 1:30:03]} Bxc4 {[%clk
1:33:21]} Bd6 {[%clk 1:30:11]} Qc2 {[%clk 1:33:34]} e5 {[%clk 1:29:18]} dxe5
{[%clk 1:33:57]} Nxe5 {[%clk 1:29:43]} Nxe5 {[%clk 1:34:01]} Bxe5 {[%clk
1:30:10]} f4 {[%clk 1:34:23]} Bxc3 {[%clk 1:29:26]} Bxc3 {[%clk 1:34:46]} Ng4
{[%clk 1:28:39]} Bd4 {[%clk 1:34:55]} c5 {[%clk 1:28:37]} Bxc5 {[%clk 1:35:21]}
Re8 {[%clk 1:29:02]} O-O {[%clk 1:35:42]} b6 {[%clk 1:28:43]} Bd4 {[%clk
1:28:21]} Nxe3 {[%clk 1:25:27]} Bxe3 {[%clk 1:28:40]} Rxe3 {[%clk 1:25:54]} Qf2
{[%clk 1:28:15]} Qe7 {[%clk 1:00:09]} Rae1 {[%clk 1:18:28]} Rxe1 {[%clk
1:00:05]} Rxe1 {[%clk 1:18:53]} Qf8 {[%clk 0:51:21]} Re5 {[%clk 1:14:31]} Bd7
{[%clk 0:34:41]} Qd4 {[%clk 1:11:55]} Bc6 {[%clk 0:25:46]} Rf5 {[%clk 1:10:35]}
Rd8 {[%clk 0:23:05]} Bxf7+ {[%clk 1:10:06]} Kh8 {[%clk 0:23:31]} Bb3 {[%clk
1:08:35]} Qe8 {[%clk 0:15:11]} Qc3 {[%clk 1:01:31]} Qe4 {[%clk 0:07:29]} Rg5
{[%clk 1:01:55]} Rd7 {[%clk 0:06:25]} h3 {[%clk 1:02:07]} h6 {[%clk 0:05:43]}
Rg4 {[%clk 1:02:06]} Qd4+ {[%clk 0:03:32]} Qxd4 {[%clk 0:52:34]} Rxd4 {[%clk
0:04:00]} f5 {[%clk 0:52:59]} Rd2 {[%clk 0:01:56]} Be6 {[%clk 0:53:15]} Bd5
{[%clk 0:00:37]} Kf1 {[%clk 0:52:55]} g5 {[%clk 0:00:41]} Ke1 {[%clk 0:52:38]}
Rd3 {[%clk 0:01:05]} Ke2 {[%clk 0:52:40]} Bxe6 {[%clk 0:01:29]} Kxd3 {[%clk
0:52:38]} Bxf5+ {[%clk 0:01:57]} Kc4 {[%clk 0:53:01]} Bxg4 {[%clk 0:02:23]} hxg4
{[%clk 0:53:27]} Kg7 {[%clk 0:02:48]} Kb5 {[%clk 0:53:52]} Kf6 {[%clk 0:03:09]}
Ka6 {[%clk 0:54:08]} Ke5 {[%clk 0:03:01]} Kxa7 {[%clk 0:54:26]} b5 {[%clk
0:03:56]} Kb6 {[%clk 0:54:34]} b4 {[%clk 0:04:03]} Kb5 {[%clk 0:53:29]} Kd5
{[%clk 0:04:03]}

[Variant "Standard"]
[Site "Europe Echecs"]

[Event "Open International Graz"]
[Date "2026.02.18"]
[White "Paikens, Reinis"]
[Black "Czernek, Tymon"]
[WhiteElo "2246"]
[BlackElo "2403"]
[Round "7.7.13"]
[Result "1/2-1/2"]

c4 {[%clk 1:30:57]} e5 {[%clk 1:28:34]} g3 {[%clk 1:31:11]} Nf6 {[%clk 1:28:55]}
Bg2 {[%clk 1:31:30]} c6 {[%clk 1:29:06]} d4 {[%clk 1:31:50]} e4 {[%clk 1:29:22]}
d5 {[%clk 1:32:09]} cxd5 {[%clk 1:20:23]} cxd5 {[%clk 1:32:29]} Bb4+ {[%clk
1:19:34]} Bd2 {[%clk 1:32:52]} Qb6 {[%clk 1:16:08]} Nc3 {[%clk 1:23:57]} O-O
{[%clk 1:13:03]} Nxe4 {[%clk 1:13:26]} Nxe4 {[%clk 1:05:36]} Bxe4 {[%clk
1:13:47]} Qd4 {[%clk 1:06:00]} Bg2 {[%clk 1:12:09]} Qxb2 {[%clk 1:06:23]} Nf3
{[%clk 1:11:52]} d6 {[%clk 1:05:44]} O-O {[%clk 1:12:11]} Bc5 {[%clk 1:04:40]}
e4 {[%clk 1:03:29]} Re8 {[%clk 1:03:45]} Ne1 {[%clk 1:01:36]} Bg4 {[%clk
0:57:37]} Nd3 {[%clk 1:01:57]} Bxd1 {[%clk 0:55:14]} Nxb2 {[%clk 1:01:03]} Be2
{[%clk 0:55:29]} Rfe1 {[%clk 1:01:25]} Bb5 {[%clk 0:55:15]} Bf1 {[%clk 0:58:07]}
Bxf1 {[%clk 0:53:40]} Kxf1 {[%clk 0:58:30]} Nd7 {[%clk 0:53:27]} Nd3 {[%clk
0:58:47]} Rac8 {[%clk 0:49:09]} Rab1 {[%clk 0:57:07]} b6 {[%clk 0:48:34]} Bf4
{[%clk 0:56:07]} f6 {[%clk 0:46:18]} h4 {[%clk 0:55:09]} Kf7 {[%clk 0:45:34]} f3
{[%clk 0:54:59]} Ke7 {[%clk 0:40:06]} Rec1 {[%clk 0:38:27]} Rg8 {[%clk 0:36:12]}
Ke2 {[%clk 0:33:26]} Ba3 {[%clk 0:35:42]} Rxc8 {[%clk 0:33:05]} Rxc8 {[%clk
0:36:10]} Kd2 {[%clk 0:32:59]} Rc4 {[%clk 0:35:28]} g4 {[%clk 0:25:52]} Nc5
{[%clk 0:33:10]} Be3 {[%clk 0:21:19]} Nxd3 {[%clk 0:30:05]} Kxd3 {[%clk
0:21:21]} Ra4 {[%clk 0:30:31]} Bc1 {[%clk 0:20:25]} Kd7 {[%clk 0:29:19]} g5
{[%clk 0:17:03]} Bxc1 {[%clk 0:29:18]} Rxc1 {[%clk 0:17:27]} Ra3+ {[%clk
0:29:43]} Kd4 {[%clk 0:17:52]} Rxf3 {[%clk 0:27:08]} gxf6 {[%clk 0:18:13]} Rxf6
{[%clk 0:27:29]} Rg1 {[%clk 0:18:38]} g6 {[%clk 0:26:33]} h5 {[%clk 0:18:36]}
Rf2 {[%clk 0:21:32]} hxg6 {[%clk 0:18:45]} hxg6 {[%clk 0:22:00]} Rxg6 {[%clk
0:18:56]} Rxa2 {[%clk 0:22:19]} Rg7+ {[%clk 0:19:22]} Ke8 {[%clk 0:22:13]} Rg6
{[%clk 0:19:24]} Ke7 {[%clk 0:20:53]} Rg7+ {[%clk 0:19:49]} Ke8 {[%clk 0:20:05]}
Rg6 {[%clk 0:20:13]}

[Variant "Standard"]
[Site "Europe Echecs"]

[Event "Open International Graz"]
[Date "2026.02.18"]
[White "Dyachuk, Artem"]
[Black "Chasin, Nico"]
[WhiteElo "2310"]
[BlackElo "2523"]
[Round "7.7.14"]
[Result "0-1"]

d4 {[%clk 1:30:58]} Nf6 {[%clk 1:27:17]} c4 {[%clk 1:31:25]} e6 {[%clk 1:27:28]}
Nc3 {[%clk 1:31:52]} Bb4 {[%clk 1:27:15]} e3 {[%clk 1:32:19]} b6 {[%clk
1:26:00]} Nf3 {[%clk 1:32:22]} Bb7 {[%clk 1:24:51]} Bd3 {[%clk 1:32:45]} O-O
{[%clk 1:22:41]} O-O {[%clk 1:33:10]} c5 {[%clk 1:17:56]} Na4 {[%clk 1:33:34]}
cxd4 {[%clk 1:17:45]} exd4 {[%clk 1:33:34]} Be7 {[%clk 1:15:54]} a3 {[%clk
1:30:11]} Bxf3 {[%clk 1:04:23]} Qxf3 {[%clk 1:30:28]} Nc6 {[%clk 1:04:48]} Be3
{[%clk 1:30:40]} d5 {[%clk 1:04:45]} Rad1 {[%clk 1:21:29]} dxc4 {[%clk 0:56:47]}
Bxc4 {[%clk 1:21:08]} Nd5 {[%clk 0:56:33]} Nc3 {[%clk 0:58:20]} Nxc3 {[%clk
0:54:43]} bxc3 {[%clk 0:58:46]} Na5 {[%clk 0:54:24]} Bd3 {[%clk 0:45:31]} Bxa3
{[%clk 0:41:08]} d5 {[%clk 0:43:51]} exd5 {[%clk 0:36:03]} Bf5 {[%clk 0:26:20]}
Qe7 {[%clk 0:28:42]} Rxd5 {[%clk 0:25:09]} Rad8 {[%clk 0:27:49]} Bg5 {[%clk
0:19:46]} f6 {[%clk 0:27:25]} Bd2 {[%clk 0:15:11]} Rxd5 {[%clk 0:22:10]} Qxd5+
{[%clk 0:15:40]} Kh8 {[%clk 0:22:34]} Bb1 {[%clk 0:09:23]} Rd8 {[%clk 0:21:29]}
Qa2 {[%clk 0:09:38]} Nc4 {[%clk 0:18:21]} Bf4 {[%clk 0:06:59]} b5 {[%clk
0:17:51]} h4 {[%clk 0:07:17]} g5 {[%clk 0:16:05]} Bg3 {[%clk 0:06:16]} Rd2
{[%clk 0:15:43]} Qa1 {[%clk 0:06:10]} Qe2 {[%clk 0:05:20]} Bf5 {[%clk 0:05:58]}
Ra2 {[%clk 0:02:16]} Qd1 {[%clk 0:04:42]} Rd2 {[%clk 0:02:12]} Qa1 {[%clk
0:04:55]} gxh4 {[%clk 0:01:28]} Bxh4 {[%clk 0:03:34]} Kg7 {[%clk 0:01:57]} Bh3
{[%clk 0:03:20]} Ra2 {[%clk 0:02:00]} Qe1 {[%clk 0:01:48]} a5 {[%clk 0:01:09]}
Be6 {[%clk 0:00:55]} Qxe1 {[%clk 0:01:05]} Rxe1 {[%clk 0:01:22]} Bd6 {[%clk
0:01:26]} g3 {[%clk 0:01:01]} Be5 {[%clk 0:01:23]} Rd1 {[%clk 0:00:33]} Rd2
{[%clk 0:01:52]} Rb1 {[%clk 0:00:47]} Nb2 {[%clk 0:02:09]} Bd7 {[%clk 0:00:34]}
Rxd7 {[%clk 0:02:35]} Rxb2 {[%clk 0:01:00]} b4 {[%clk 0:03:03]}

[Variant "Standard"]
[Site "Europe Echecs"]